Poesía Militante /

Uloženo v:
Podrobná bibliografie
Hlavní autor: Montoya Alvarado, Jorge
Médium: Kniha
Jazyk:Spanish
Vydáno: San José, Costa Rica : Alma Mater, 2017.
Vydání:1. edición
Témata:
Tagy: Přidat tag
Žádné tagy, Buďte první, kdo vytvoří štítek k tomuto záznamu!

MARC

LEADER 00000nam a22000007a 4500
008 230112b |||||||| |||| 00| 0 spa d
020 |a 9789930960035 
041 0 |a spa 
082 0 4 |a CR861.44  |b M798p 
100 1 |a Montoya Alvarado, Jorge 
245 1 0 |a Poesía Militante / 
250 |a 1. edición 
260 1 |a San José, Costa Rica :  |b Alma Mater,  |c 2017. 
300 |a 49 páginas 
650 0 7 |a LITERATURA COSTARRICENSE  |v POESIA  |9 171 
942 |2 ddc  |c BK 
999 |c 22232  |d 22232